Health and wellness tourism : (Record no. 22366)
[ view plain ]
| 000 -LEADER | |
|---|---|
| fixed length control field | 00872nam a2200229 a 4500 |
| 005 - DATE AND TIME OF LATEST TRANSACTION | |
| control field | 20140310183404.0 |
| 008 - FIXED-LENGTH DATA ELEMENTS--GENERAL INFORMATION | |
| fixed length control field | 121120s19uu xx 00 eng d |
| 020 ## - INTERNATIONAL STANDARD BOOK NUMBER | |
| International Standard Book Number | 9781845411114 |
| 050 ## - LIBRARY OF CONGRESS CALL NUMBER | |
| Classification number | RA 794 |
| Item number | .Er74 2009 |
| 100 ## - MAIN ENTRY--PERSONAL NAME | |
| Personal name | Erfurt-Cooper, Patricia |
| 245 ## - TITLE STATEMENT | |
| Title | Health and wellness tourism : |
| Remainder of title | spas and hot springs / |
| Statement of responsibility, etc | Patricia Erfurt-Cooper and Malcolm Cooper. |
| 260 ## - PUBLICATION, DISTRIBUTION, ETC. (IMPRINT) | |
| Place of publication, distribution, etc | Bristol, UK : |
| Name of publisher, distributor, etc | Channel View, |
| Date of publication, distribution, etc | 2009. |
| 300 ## - PHYSICAL DESCRIPTION | |
| Extent | xiv, 362 p. : |
| Other physical details | ill. ; |
| Dimensions | 24 cm. |
| 440 ## - SERIES STATEMENT/ADDED ENTRY--TITLE | |
| Title | Aspects of tourism |
| 500 ## - GENERAL NOTE | |
| General note | Includes bibliographical references and index |
| 520 ## - SUMMARY, ETC. | |
| Summary, etc | Explores health and wellness tourism from a range of perspectives including usage, heritage, management, technology, environmental and cultural features, and marketing. |
| 521 ## - TARGET AUDIENCE NOTE | |
| Target audience note | |
| 650 ## - SUBJECT ADDED ENTRY--TOPICAL TERM | |
| Topical term or geographic name as entry element | Health resorts |
| 700 ## - ADDED ENTRY--PERSONAL NAME | |
| Personal name | Cooper, Malcolm |
| 942 ## - ADDED ENTRY ELEMENTS (KOHA) | |
| Koha item type | Books |
| Source of classification or shelving scheme | Library of Congress Classification |
| Call number prefix | Foreign |
| Withdrawn status | Lost status | Source of classification or shelving scheme | Damaged status | Home library | Current library | Shelving location | Date acquired | Source of acquisition | Cost, normal purchase price | Total Checkouts | Full call number | Barcode | Date last seen | Copy number | Price effective from | Koha item type |
|---|---|---|---|---|---|---|---|---|---|---|---|---|---|---|---|---|
| Library of Congress Classification | College Library | College Library | General Circulation Section | 11/20/2012 | Donation | 4754.00 | RA 794 .Er74 2009 | C16316 | 05/15/2018 | 1 | 10/10/2013 | Books |